| 000 | 00630nam a2200193 i 4500 | ||
|---|---|---|---|
| 001 | 58365 | ||
| 003 | ES-MaACL | ||
| 005 | 20230906163806.0 | ||
| 007 | t| | ||
| 008 | 031022s1926 fr ||||1| fre d | ||
| 100 | 1 |
_aDuverger, Camille ( _d1884-...) _9165432 |
|
| 245 | 1 | 0 |
_aThérapeutique chirurgicale ophtalmologique / _cDuverger,... et Velter,... |
| 260 |
_aParis : _bMasson & Cie, _c1926 ( _eNiort : _fImp. Th. Martin) |
||
| 300 |
_a480 p. : _bil. ; _c25 cm. |
||
| 650 | 4 |
_aOjos- _xEnfermedades- _xTerapeutica. _9165433 |
|
| 650 | 4 |
_aOjos- _xCirugía. _9165434 |
|
| 700 | 1 |
_aVelter, Edmond. _9113867 |
|
| 852 |
_aES-MaACL _jB-10835 |
||
| 999 |
_c58365 _d58365 |
||